<Die> Auswirkungen der Finanzkrisen auf Repurchase Agreements Theoretische Modifikationen und praktische Anwendung im Interbankenverkehr dizertačná práca

Saved in:
Bibliographic Details
Main Author: Beug, Benjamin
Corporate Author: Fakulta podnikového manažmentu EU. Katedra podnikových financií
Other Authors: Markovič, Peter, 1974-
Format: Book
Language:German
Published: Bratislava 2014
Subjects:
Tags: Add Tag
No Tags, Be the first to tag this record!

MARC

LEADER 00000nbm a2200000 4500
001 0196607
005 20230302105356.5
041 0 |a ger 
044 |a SK 
245 1 0 |a <Die> Auswirkungen der Finanzkrisen auf Repurchase Agreements Theoretische Modifikationen und praktische Anwendung im Interbankenverkehr  |b dizertačná práca  |c Benjamin Beug ; školiteľ: Peter Markovič 
264 1 |a Bratislava  |c 2014 
300 |a 194 s. 
610 2 0 |a kríza finančná 
610 2 0 |a banky 
610 2 0 |a trh peňažný 
610 2 0 |a trh peňažný medzinárodný 
610 2 0 |a styk platobný 
610 2 0 |a riziko bankové 
610 2 0 |a banky centrálne 
610 2 0 |a Ázia 
610 2 0 |a Rusko 
100 1 |a Beug, Benjamin 
700 1 |a Markovič, Peter, 1974- 
710 2 |a Fakulta podnikového manažmentu EU. Katedra podnikových financií